Histoire Financiére de l'assemblée constituante / (Record no. 154390)

MARC details
000 -LEADER
campo de control de longitud fija 00564nam a2200157 i 4500
001 - NÚMERO DE CONTROL
campo de control 154390
003 - IDENTIFICADOR DE NÚMERO DE CONTROL
campo de control ES-MaACL
005 - FECHA Y HORA DE LA ÚLTIMA TRANSACCIÓN
campo de control 20230906205715.0
008 - DATOS DE LONGITUD FIJA--INFORMACIÓN GENERAL
campo de control de longitud fija 931025s1896 fr |||| | fre d
100 1# - ENTRADA PRINCIPAL--NOMBRE DE PERSONA
Nombre de persona Gomel, Charles.
9 (RLIN) 127366
245 10 - MENCIÓN DEL TÍTULO
Título Histoire Financiére de l'assemblée constituante /
Mención de responsabilidad, etc. par Charles Gomel.
260 ## - PUBLICACIÓN, DISTRIBUCIÓN, ETC.
Lugar de publicación, distribución, etc. Paris :
Nombre del editor, distribuidor, etc. Guillaumin et C.\pie\s,
Fecha de publicación, distribución, etc. 1896.
300 ## - DESCRIPCIÓN FÍSICA
Extensión XXXV, 565 p. ;
Dimensiones 22 cm.
505 8# - NOTA DE CONTENIDO CON FORMATO
Nota de contenido con formato Contiene T. I. 1789
852 ## - LOCALIZACIÓN
Ubicación ES-MaACL
Número de control de estantería G-7551-7552
Nota libre -- Rúst.
Encuadernación -- Edic.: T300 2 v. -- T505 Contiene : T. I. 1789 -- T. II. 1790-1791
Holdings
Estatus retirado Estado de pérdida Estado de daño No para préstamo Colección Biblioteca de origen Biblioteca actual Ubicación en estantería Fecha de adquisición Fuente de adquisición Total de préstamos Signatura topográfica completa Código de barras Visto por última vez Precio de reemplazo Tipo de ítem Koha
        Libros del s. XIX Biblioteca del Ateneo de Madrid Biblioteca del Ateneo de Madrid Sala Pecera Planta 3 17/01/2008     G-7551-7552 1161451 23/02/2023 23/02/2023 Libro impreso antiguo